| 000 | 00982nam a2200301Ia 4500 | ||
|---|---|---|---|
| 001 | dia_1490 | ||
| 003 | CHAP | ||
| 005 | 20251021150705.0 | ||
| 008 | 220117s1967 xx 000 0 und d | ||
| 010 | _a172031 | ||
| 020 | _a0-07-052038 | ||
| 040 | _cCHAP | ||
| 082 | _a536.7 R49 1967 | ||
| 100 |
_aReynolds, William C. _997088 |
||
| 245 |
_aTermodinámica / _c William C. Reynolds ; traducción Leonardo Larios Aracama y Francisco Aguilar Bartolomé |
||
| 260 |
_aMéxico : _b McGraw-Hill, _c1967 |
||
| 300 | _a488 p. | ||
| 500 | _aTitulo original: Thermodynamics \ Los ejemplares 2 y 3 son material fotocopiado | ||
| 503 | _as/c | ||
| 504 | _aBibliografía: p. 477-478 | ||
| 650 |
_aTermodinámica _9112366 |
||
| 700 |
_aAguilar Bartolomé, Francisco, tr. _9150859 |
||
| 700 |
_aLarios Aracama, Leonardo, tr. _9150860 |
||
| 901 | _a536.7 R49 1967 | ||
| 902 | _aM | ||
| 905 | _a3232271967 mx amn 7122223222spa16 | ||
| 942 |
_cLIBRO _2ddc |
||
| 999 |
_c172031 _d172031 |
||